[Event "New York President's Day IM-B"]
[Site "New York"]
[Date "2024.02.18"]
[Round "6"]
[White "Rajesh, CS."]
[Black "Xu, Grant"]
[Result "1/2-1/2"]
[WhiteElo "2218"]
[BlackElo "2313"]
[PlyCount "185"]
[EventDate "2024.02.15"]
[EventType "schev"]
[EventRounds "9"]
[EventCountry "USA"]
[SourceTitle "CB08_2024"]
[SourceDate "2024.02.21"]
[SourceVersion "1"]
[SourceVersionDate "2024.02.21"]
[SourceQuality "1"]

1. Nf3 f5 2. c4 Nf6 3. Nc3 g6 4. g3 Bg7 5. Bg2 0-0 6. 0-0 d6 7. Rb1 e5 8. d3 a5 9. a3 h6 10. b4 axb4 11. axb4 Be6 12. b5 c6 13. Qb3 Nbd7 14. Ba3 Qc7 15. Rfc1 Rfb8 16. Nd2 Bf8 17. Ra1 g5 18. Qd1 Rc8 19. Bb4 Rxa1 20. Rxa1 d5 21. Bxf8 Kxf8 22. Rc1 dxc4 23. bxc6 bxc6 24. Nxc4 Bxc4 25. dxc4 e4 26. Qd4 Qe5 27. Qxe5 Nxe5 28. Bh3 g4 29. Bg2 Rd8 30. h3 h5 31. hxg4 hxg4 32. Nd1 Nxc4 33. Bf1 Ke7 34. Rxc4 Rxd1 35. Rxc6 e3 36. Rc4 Ne4 37. Rxe4+ fxe4 38. fxe3 Kd6 39. Kf2 Kd5 40. Bg2 Ra1 41. Bf1 Ra7 42. Bg2 Rf7+ 43. Kg1 Rf8 44. Bh1 Re8 45. Kf2 Kc4 46. Ke1 Kc3 47. Bg2 Kc4 48. Kf2 Re6 49. Ke1 Kd5 50. Kf2 Ra6 51. Bh1 Ra4 52. Bg2 Rc4 53. Ke1 Kc5 54. Kd2 Kb4 55. Bh1 Kb3 56. Bg2 Ra4 57. Ke1 Kc2 58. Kf1 Kd2 59. Kf2 Rb4 60. Bh1 Kd1 61. Kf1 Ra4 62. Bg2 Kd2 63. Kf2 Ra3 64. Bxe4 Rxe3 65. Bf5 Rxe2+ 66. Kg1 Re5 67. Bxg4 Rg5 68. Be6 Rxg3+ 69. Kf2 Rg6 70. Bd5 Rf6+ 71. Kg3 Ke3 72. Kg4 Rd6 73. Bb7 Rd7 74. Bc6 Rf7 75. Bd5 Rf1 76. Bc6 Kd4 77. Bb7 Ke5 78. Bc6 Rg1+ 79. Kf3 Rc1 80. Be8 Rc8 81. Bd7 Rc7 82. Be8 Re7 83. Bc6 Rf7+ 84. Kg4 Rf4+ 85. Kg3 Kf5 86. Bd7+ Kg5 87. Bc6 Rc4 88. Bd5 Rc5 89. Bb7 Rc3+ 90. Kf2 Kf4 91. Ke2 Rb3 92. Bc6 Ra3 93. Bb7 1/2-1/2

[Event "New York President's Day IM-B"]
[Site "New York"]
[Date "2024.02.18"]
[Round "7"]
[White "Wongso, Steve"]
[Black "Rajesh, CS."]
[Result "0-1"]
[WhiteElo "2156"]
[BlackElo "2218"]
[PlyCount "108"]
[EventDate "2024.02.15"]
[EventType "schev"]
[EventRounds "9"]
[EventCountry "USA"]
[SourceTitle "CB08_2024"]
[SourceDate "2024.02.21"]
[SourceVersion "1"]
[SourceVersionDate "2024.02.21"]
[SourceQuality "1"]

1. e4 c5 2. Nf3 e6 3. d4 cxd4 4. Nxd4 Nc6 5. Nc3 Qc7 6. g4 a6 7. Be3 b5 8. Nxc6 Qxc6 9. f3 b4 10. Ne2 Bb7 11. Qd2 d5 12. Nd4 Qc7 13. exd5 Bxd5 14. Bg2 Nf6 15. g5 Nd7 16. f4 Nb6 17. Bxd5 Nxd5 18. Ne2 Nxe3 19. Qxe3 Rd8 20. Rd1 Rxd1+ 21. Kxd1 Bc5 22. Qe4 0-0 23. Kc1 Qa5 24. Kb1 Rd8 25. Nc1 Rd5 26. h4 Qd8 27. Nd3 Bf8 28. h5 Rd4 29. Qe3 Qd5 30. Re1 a5 31. Qg3 a4 32. g6 Qxh5 33. gxf7+ Qxf7 34. Qe3 Qf6 35. Qxe6+ Qxe6 36. Rxe6 Bd6 37. Kc1 Bxf4+ 38. Nxf4 Rxf4 39. Ra6 h5 40. Rxa4 h4 41. Ra5 Kh7 42. Rh5+ Kg6 43. Rh8 Kf5 44. Kd2 g5 45. c3 Kg4 46. cxb4 Rxb4 47. Kc3 Ra4 48. Kb3 Ra7 49. a4 h3 50. Kb4 Kg3 51. a5 h2 52. Ka4 Ra8 53. Rxa8 h1Q 54. Rb8 Qa1+ 0-1

[Event "Las Vegas 1000 GM op"]
[Site "Las Vegas"]
[Date "2023.06.11"]
[Round "7"]
[White "Rajesh, CS."]
[Black "Boros, Denes"]
[Result "0-1"]
[WhiteElo "2165"]
[BlackElo "2400"]
[PlyCount "72"]
[EventDate "2023.06.08"]
[EventType "swiss"]
[EventRounds "9"]
[EventCountry "USA"]
[SourceTitle "CBM 214 Extra"]
[Source "ChessBase"]
[SourceDate "2023.07.31"]
[SourceVersion "1"]
[SourceVersionDate "2023.07.31"]
[SourceQuality "1"]

1. Nf3 c5 2. g3 d5 3. Bg2 Nc6 4. 0-0 Nf6 5. c4 e5 6. Qa4 Bd6 7. Ng5 Be7 8. cxd5 Nxd5 9. Qc4 Bxg5 10. Bxd5 0-0 11. Bxc6 bxc6 12. d3 Be7 13. Be3 Rb8 14. b3 Be6 15. Qc2 f5 16. Bxc5 f4 17. Nd2 Bd5 18. f3 Bxc5+ 19. Qxc5 fxg3 20. Kg2 gxh2 21. Ne4 a5 22. Rf2 Rb5 23. Qe3 Bxe4 24. fxe4 Rf4 25. Kh1 g5 26. Rxh2 Rb7 27. Rg1 Rg7 28. Qc5 Qf6 29. Qxa5 h6 30. Qa8+ Kh7 31. Qe8 g4 32. Qh5 g3 33. Rh3 Rf1 34. Qxh6+ Qxh6 35. Rxh6+ Kxh6 36. Rxf1 g2+ 0-1

[Event "Las Vegas 1000 GM op"]
[Site "Las Vegas"]
[Date "2023.06.08"]
[Round "1"]
[White "Rajesh, CS."]
[Black "Kavutskiy, Konstantin"]
[Result "1/2-1/2"]
[WhiteElo "2165"]
[BlackElo "2414"]
[PlyCount "62"]
[EventDate "2023.06.08"]
[EventType "swiss"]
[EventRounds "9"]
[EventCountry "USA"]
[SourceTitle "CBM 214 Extra"]
[Source "ChessBase"]
[SourceDate "2023.07.31"]
[SourceVersion "1"]
[SourceVersionDate "2023.07.31"]
[SourceQuality "1"]

1. c4 g6 2. g3 Bg7 3. Bg2 c5 4. Nc3 Nc6 5. Nf3 d6 6. a3 e6 7. 0-0 Nge7 8. Rb1 0-0 9. b4 b6 10. bxc5 dxc5 11. Bb2 Bb7 12. d3 Qd7 13. Qc2 Rad8 14. Rbd1 e5 15. e4 Nd4 16. Nxd4 cxd4 17. Nd5 Nxd5 18. cxd5 Rc8 19. Qb3 Bh6 20. f4 f6 21. Rc1 Kg7 22. Rxc8 Rxc8 23. a4 Ba6 24. fxe5 Be3+ 25. Kh1 fxe5 26. Ba3 h5 27. h4 Rc3 28. Qb4 Rc5 29. Qb3 Rc3 30. Qb4 Rc5 31. Qb3 Rc3 1/2-1/2

[Event "Foxwoods op 15th"]
[Site "Ledyard"]
[Date "2023.04.07"]
[Round "4"]
[White "Rajesh, CS."]
[Black "Rizzo, Tobias"]
[Result "1-0"]
[WhiteElo "2151"]
[BlackElo "1867"]
[PlyCount "45"]
[EventDate "2023.04.05"]
[EventType "swiss"]
[EventRounds "9"]
[EventCountry "USA"]
[SourceTitle "CBM 213 Extra"]
[Source "ChessBase"]
[SourceDate "2023.05.31"]
[SourceVersion "1"]
[SourceVersionDate "2023.05.31"]
[SourceQuality "1"]

1. c4 Nf6 2. Nf3 e6 3. g3 b6 4. Bg2 Bb7 5. 0-0 c5 6. Nc3 Be7 7. d4 cxd4 8. Qxd4 d6 9. b3 a6 10. Ba3 Nc6 11. Qd2 Qc7 12. Rac1 Rd8 13. Nd5 exd5 14. cxd5 Qd7 15. dxc6 Bxc6 16. Qe3 Qb7 17. Rxc6 Qxc6 18. Nd4 Qc8 19. Rc1 Qb8 20. Nc6 Qc7 21. Nxd8 Qxd8 22. Rc6 d5 23. Rc8 1-0

[Event "Foxwoods op 14th"]
[Site "Ledyard"]
[Date "2022.04.15"]
[Round "5"]
[White "Rajesh, CS."]
[Black "Reiss, Aiden"]
[Result "1/2-1/2"]
[WhiteElo "2183"]
[BlackElo "1816"]
[PlyCount "58"]
[EventDate "2022.04.13"]
[EventType "swiss"]
[EventRounds "9"]
[EventCountry "USA"]
[SourceTitle "CBM 207 Extra"]
[Source "ChessBase"]
[SourceDate "2022.05.31"]
[SourceVersion "1"]
[SourceVersionDate "2022.05.31"]
[SourceQuality "1"]

1. Nf3 c5 2. c4 Nf6 3. g3 g6 4. Bg2 Bg7 5. 0-0 0-0 6. Nc3 Nc6 7. d4 cxd4 8. Nxd4 Qb6 9. Nc2 d6 10. e4 Bg4 11. Qd2 Ne5 12. b3 Nf3+ 13. Bxf3 Bxf3 14. Qd3 Bg4 15. Be3 Qa5 16. Bd4 Nd7 17. Bxg7 Kxg7 18. f4 Rad8 19. Nd5 Rde8 20. b4 Qa4 21. Kg2 Be6 22. Nc7 Rc8 23. Nxe6+ fxe6 24. Nd4 Rf6 25. Qb3 Qa6 26. Rac1 e5 27. fxe5 Nxe5 28. Rxf6 exf6 29. c5 dxc5 1/2-1/2

[Event "Continental op 51st"]
[Site "Sturbridge"]
[Date "2021.08.15"]
[Round "8"]
[White "Rajesh, CS."]
[Black "Kavi, Nithin"]
[Result "1-0"]
[WhiteElo "2150"]
[BlackElo "2132"]
[PlyCount "143"]
[EventDate "2021.08.12"]
[EventType "swiss"]
[EventRounds "9"]
[EventCountry "USA"]
[SourceTitle "CBM 203 Extra"]
[Source "ChessBase"]
[SourceDate "2021.09.30"]
[SourceVersion "1"]
[SourceVersionDate "2021.09.30"]
[SourceQuality "1"]

1. c4 Nf6 2. g3 g6 3. Bg2 Bg7 4. Nc3 0-0 5. Nf3 d6 6. 0-0 a6 7. b3 Nc6 8. Bb2 Rb8 9. Nd5 e6 10. Nxf6+ Bxf6 11. d4 b5 12. cxb5 axb5 13. a3 Bb7 14. e4 Na5 15. Bc3 c5 16. e5 dxe5 17. dxe5 Be7 18. Qxd8 Bxd8 19. Nd2 Bxg2 20. Kxg2 Bc7 21. Bxa5 Bxa5 22. Ne4 Rfc8 23. Rfc1 c4 24. Nd6 Rc6 25. bxc4 b4 26. Rab1 b3 27. Nb5 Bd2 28. Rd1 Rxc4 29. Rxb3 Bh6 30. Rdb1 Bf8 31. Nd6 Rxb3 32. Rxb3 Rc6 33. Rd3 f6 34. Ne4 fxe5 35. Rd8 Kf7 36. Ra8 Be7 37. Ra7 h6 38. a4 Ke8 39. h4 Rc4 40. f3 Rc2+ 41. Kh3 Ra2 42. g4 Ra3 43. Kg3 Bb4 44. g5 Be1+ 45. Kg2 h5 46. Rg7 Bxh4 47. Rxg6 Kf7 48. Rh6 Rxa4 49. Rxh5 Be1 50. Rh7+ Kg6 51. Rh6+ Kf7 52. Rf6+ Ke7 53. Kh3 Ra2 54. Rh6 Kf7 55. Rh7+ Kg6 56. Re7 Ra6 57. Kg4 Bb4 58. Re8 Kf7 59. Rb8 Bf8 60. Kh5 Ra7 61. g6+ Kg7 62. Ng5 Bd6 63. Rd8 Bb4 64. Nxe6+ Kf6 65. g7 Rxg7 66. Nxg7 Kxg7 67. Rb8 Bc3 68. Kg5 Kf7 69. Kf5 Bd4 70. Rb7+ Kf8 71. Rb5 Ke7 72. Rxe5+ 1-0

[Event "Continental op 51st"]
[Site "Sturbridge"]
[Date "2021.08.13"]
[Round "4"]
[White "Singh, Hersh"]
[Black "Rajesh, CS."]
[Result "1/2-1/2"]
[WhiteElo "2052"]
[BlackElo "2150"]
[PlyCount "67"]
[EventDate "2021.08.12"]
[EventType "swiss"]
[EventRounds "9"]
[EventCountry "USA"]
[SourceTitle "CBM 203 Extra"]
[Source "ChessBase"]
[SourceDate "2021.09.30"]
[SourceVersion "1"]
[SourceVersionDate "2021.09.30"]
[SourceQuality "1"]

1. d4 Nf6 2. c4 c5 3. d5 b5 4. cxb5 a6 5. bxa6 g6 6. Nc3 Bxa6 7. e4 Bxf1 8. Kxf1 d6 9. Nf3 Nbd7 10. g3 Bg7 11. Kg2 0-0 12. a4 Qb6 13. Qc2 Rfb8 14. Nb5 Ne8 15. Bd2 Nc7 16. Nxc7 Qxc7 17. Bc3 Bxc3 18. bxc3 c4 19. Nd4 Nc5 20. Ra3 Nd3 21. Ra2 Ra6 22. Rha1 Rab6 23. Nb5 Qc5 24. Qe2 h5 25. h4 e5 26. Qf3 Kg7 27. Kg1 Ra6 28. Kf1 Rb7 29. Kg1 Qc8 30. Kh2 Qc5 31. Kg1 Qc8 32. Kh2 Qa8 33. Qe2 Qc8 34. Qf3 1/2-1/2

[Event "World Corporate East F"]
[Site "Chess.com INT"]
[Date "2021.02.20"]
[Round "4.4"]
[White "Deboosere, Adam Moussa"]
[Black "Rajesh, CS."]
[Result "0-1"]
[WhiteElo "1702"]
[BlackElo "2150"]
[PlyCount "110"]
[EventDate "2021.02.19"]
[EventType "team (rapid)"]
[EventRounds "7"]
[EventCountry "USA"]
[SourceTitle "EXT 2022"]
[Source "ChessBase"]
[SourceDate "2021.10.06"]
[SourceVersion "1"]
[SourceVersionDate "2021.10.06"]
[SourceQuality "1"]
[WhiteTeam "Groupe Chiali"]
[BlackTeam "Tata Consultancy Services Bangalore"]
[WhiteTeamCountry "ALG"]
[BlackTeamCountry "IND"]

1. Nf3 c5 2. c4 Nc6 3. Nc3 g6 4. e3 Bg7 5. d4 cxd4 6. exd4 d6 7. Be2 Nf6 8. d5 Nb8 9. 0-0 0-0 10. h3 Nbd7 11. Be3 a5 12. Re1 Nc5 13. Bd4 Bd7 14. a3 a4 15. Bxc5 dxc5 16. Bd3 Re8 17. Bc2 Qa5 18. Ne5 b5 19. Nxd7 Nxd7 20. Nxb5 Bxb2 21. Ra2 Bf6 22. f4 Red8 23. Bd3 Nb6 24. Rae2 Nc8 25. Bc2 Nd6 26. Nxd6 Rxd6 27. f5 Kg7 28. Re3 Bd4 29. Kh1 Bxe3 30. Rxe3 Ra7 31. Qe2 Rdd7 32. g4 Qb6 33. h4 Qb2 34. fxg6 hxg6 35. h5 Ra8 36. h6+ Kxh6 37. g5+ Kg7 38. Rh3 Qc1+ 39. Kg2 Qxg5+ 40. Rg3 Qf6 41. Rf3 Qd4 42. Rh3 Rh8 43. Rxh8 Kxh8 44. Bxa4 Ra7 45. Qc2 Kg7 46. Kf3 Qf6+ 47. Kg2 Qg5+ 48. Kf3 Qh5+ 49. Kf2 Qf5+ 50. Ke3 Qxc2 51. Bxc2 Rxa3+ 52. Bd3 Kf6 53. Ke4 Kg5 54. Be2 f5+ 55. Ke5 Re3# 0-1

[Event "USA National op 51st"]
[Site "ICC INT"]
[Date "2020.11.28"]
[Round "4"]
[White "Ehsani, Yassamin L"]
[Black "Rajesh, CS."]
[Result "1-0"]
[WhiteElo "1923"]
[BlackElo "2150"]
[PlyCount "115"]
[EventDate "2020.11.27"]
[EventType "swiss"]
[EventRounds "9"]
[EventCountry "USA"]
[SourceTitle "CBM 199 Extra"]
[Source "ChessBase"]
[SourceDate "2021.01.31"]
[SourceVersion "1"]
[SourceVersionDate "2021.01.31"]
[SourceQuality "1"]

1. d4 Nf6 2. c4 e6 3. Nc3 d5 4. cxd5 exd5 5. Bg5 Be7 6. e3 c6 7. Bd3 0-0 8. Nge2 Re8 9. Qc2 Nbd7 10. 0-0 Nf8 11. Rab1 a5 12. a3 Ne4 13. Bxe7 Qxe7 14. Bxe4 dxe4 15. b4 axb4 16. axb4 Qh4 17. Ng3 f5 18. Ra1 Be6 19. b5 Qf6 20. bxc6 bxc6 21. Na4 Ra6 22. Nc5 Rxa1 23. Rxa1 Bd5 24. Ra7 g6 25. Qb1 Re7 26. Ra8 Qd6 27. Ne2 Kg7 28. Nc3 Bf7 29. Qb6 Nd7 30. Nxd7 Qxd7 31. g3 Qb7 32. Ra6 Qxb6 33. Rxb6 Rc7 34. Kg2 Bc4 35. Rb4 Bf7 36. Na4 Ra7 37. Nc5 Bd5 38. Rb7+ Rxb7 39. Nxb7 Bc4 40. Nc5 Kf6 41. h3 Bd5 42. Nd7+ Ke6 43. Nf8+ Kd6 44. Nxh7 c5 45. dxc5+ Kxc5 46. Nf6 Bf7 47. f3 exf3+ 48. Kxf3 Kd6 49. Kf4 Ke7 50. Nh7 Ke6 51. Ng5+ Kf6 52. Nxf7 Kxf7 53. Kg5 Kg7 54. g4 fxg4 55. hxg4 Kf7 56. e4 Kg7 57. e5 Kf7 58. Kh6 1-0

[Event "Continental op 49th"]
[Site "Sturbridge"]
[Date "2019.08.17"]
[Round "7"]
[White "Rajesh, CS."]
[Black "Bader, Jeremy"]
[Result "1-0"]
[WhiteElo "2145"]
[BlackElo "1899"]
[PlyCount "113"]
[EventDate "2019.08.14"]
[EventType "swiss"]
[EventRounds "9"]
[EventCountry "USA"]
[SourceTitle "CBM 191 Extra"]
[Source "ChessBase"]
[SourceDate "2019.09.30"]
[SourceVersion "1"]
[SourceVersionDate "2019.09.30"]
[SourceQuality "1"]

1. c4 Nf6 2. Nf3 g6 3. g3 Bg7 4. Nc3 d6 5. Bg2 0-0 6. 0-0 e5 7. d3 Nc6 8. Bg5 h6 9. Bxf6 Bxf6 10. Rb1 a5 11. a3 Be6 12. Nd5 Bg7 13. b4 axb4 14. axb4 Ne7 15. Nd2 c6 16. Nxe7+ Qxe7 17. b5 Qc7 18. Qb3 Rfc8 19. Ra1 Rxa1 20. Rxa1 e4 21. Rd1 d5 22. bxc6 Qxc6 23. Rb1 Rc7 24. Qb4 Bf8 25. Qa5 Bc5 26. cxd5 Bxd5 27. Bxe4 b6 28. Qb5 Qe6 29. Bxd5 Qxd5 30. Ne4 Qe6 31. Qb3 Rc6 32. Qxe6 Rxe6 33. Nxc5 bxc5 34. Kf1 Kg7 35. Rc1 Rc6 36. Rc4 Kf6 37. d4 Ke6 38. e4 Kd6 39. Rxc5 Rxc5 40. dxc5+ Kxc5 41. Ke2 Kd4 42. f3 Ke5 43. Ke3 Ke6 44. f4 h5 45. Kd4 Kd6 46. h3 Ke6 47. g4 hxg4 48. hxg4 Kd6 49. g5 Ke6 50. Kc5 Ke7 51. Kd5 Kd7 52. f5 gxf5 53. exf5 Ke7 54. f6+ Kd7 55. Ke5 Ke8 56. Kd6 Kd8 57. Kc6 1-0

[Event "Continental op 49th"]
[Site "Sturbridge"]
[Date "2019.08.15"]
[Round "3"]
[White "Lapshun, Yury"]
[Black "Rajesh, CS."]
[Result "1/2-1/2"]
[WhiteElo "2391"]
[BlackElo "2145"]
[PlyCount "173"]
[EventDate "2019.08.14"]
[EventType "swiss"]
[EventRounds "9"]
[EventCountry "USA"]
[SourceTitle "CBM 191 Extra"]
[Source "ChessBase"]
[SourceDate "2019.09.30"]
[SourceVersion "1"]
[SourceVersionDate "2019.09.30"]
[SourceQuality "1"]

1. d4 Nf6 2. Bf4 d5 3. Nc3 e6 4. e3 Be7 5. Nf3 0-0 6. Be2 c5 7. 0-0 Nc6 8. h3 b6 9. Bb5 Bb7 10. Bxc6 Bxc6 11. Ne5 Bb7 12. a4 Nd7 13. Qe2 Nxe5 14. Bxe5 a6 15. Rfd1 Bd6 16. f4 Be7 17. Qg4 f6 18. Qxe6+ Rf7 19. dxc5 fxe5 20. c6 Bc8 21. Qxd5 Qxd5 22. Nxd5 Bc5 23. b4 Be7 24. c7 Be6 25. Nxb6 Raf8 26. c3 exf4 27. exf4 Bf6 28. Rd6 Bxc3 29. Rxe6 Rxc7 30. Rb1 a5 31. bxa5 Bxa5 32. Nd5 Rd7 33. Rb5 Ra8 34. f5 Bd8 35. Re4 Rda7 36. Kf2 Kf7 37. Rbb4 Ra5 38. Red4 Bf6 39. Rd3 R8a7 40. g4 Rxa4 41. Rxa4 Bh4+ 42. Kf3 Rxa4 43. Rb3 Ra7 44. Nc3 Be7 45. Nb5 Ra4 46. Rd3 Rb4 47. Nc7 Rb6 48. Nd5 Rb7 49. Ke4 Bg5 50. Ra3 Bh4 51. Kf4 Rd7 52. Ra5 Be1 53. Rb5 Bd2+ 54. Ke5 Bg5 55. Ra5 Bd8 56. Ra8 h6 57. Ke4 Bg5 58. Ra3 Rb7 59. Ke5 Rd7 60. Ra2 Bd8 61. Ra3 Bg5 62. Ra8 Bd8 63. Rc8 Bg5 64. Ke4 Ra7 65. Rc3 Ra4+ 66. Kf3 Ra7 67. Kg3 Be7 68. Kg2 Bg5 69. Rb3 Rd7 70. Rd3 Ra7 71. Rc3 Rd7 72. Nc7 Bf6 73. Rc2 Bg5 74. Rc3 Bf6 75. Rc2 Bg5 76. Ne6 Rd2+ 77. Rxd2 Bxd2 78. Nc7 h5 79. Nd5 hxg4 80. hxg4 g6 81. Kf3 gxf5 82. gxf5 Bc1 83. Ke4 Bb2 84. Nb6 Ke7 85. Nc4 Bc3 86. Ne3 Kf7 87. Nf1 1/2-1/2

[Event "Foxwoods op 13th"]
[Site "Ledyard"]
[Date "2019.04.17"]
[Round "1"]
[White "Niemann, Hans Moke"]
[Black "Rajesh, CS."]
[Result "1-0"]
[WhiteElo "2477"]
[BlackElo "2143"]
[PlyCount "65"]
[EventDate "2019.04.17"]
[EventType "swiss"]
[EventRounds "9"]
[EventCountry "USA"]
[SourceTitle "CBM 189 Extra"]
[Source "ChessBase"]
[SourceDate "2019.06.03"]
[SourceVersion "1"]
[SourceVersionDate "2019.06.03"]
[SourceQuality "1"]

1. d4 Nf6 2. c4 e6 3. Nc3 d5 4. Bg5 Be7 5. Nf3 h6 6. Bh4 0-0 7. e3 b6 8. Bd3 Bb7 9. 0-0 Nbd7 10. Qe2 dxc4 11. Bxc4 Ne4 12. Bg3 Nxg3 13. hxg3 c5 14. d5 exd5 15. Bxd5 Bxd5 16. Nxd5 Nf6 17. Nf4 Nd5 18. e4 Nxf4 19. gxf4 Qc8 20. f5 Re8 21. Rad1 Bf6 22. Rd5 Qb7 23. Rfd1 Bd4 24. Nxd4 cxd4 25. R1xd4 Rac8 26. f6 Rc1+ 27. Kh2 Qc7+ 28. g3 Rc2 29. Qe3 Rxb2 30. fxg7 Re6 31. Qf3 Qc2 32. Rf5 Qc7 33. Qa3 1-0

[Event "Continental op 48th"]
[Site "Sturbridge"]
[Date "2018.08.18"]
[Round "6"]
[White "Genger, Eitan"]
[Black "Rajesh, CS."]
[Result "1/2-1/2"]
[WhiteElo "1903"]
[BlackElo "2147"]
[PlyCount "53"]
[EventDate "2018.08.16"]
[EventType "swiss"]
[EventRounds "9"]
[EventCountry "USA"]
[SourceTitle "CBM 186 Extra"]
[Source "ChessBase"]
[SourceDate "2018.08.24"]
[SourceVersion "1"]
[SourceVersionDate "2018.08.24"]
[SourceQuality "1"]

1. Nf3 c5 2. c4 Nc6 3. Nc3 g6 4. d4 cxd4 5. Nxd4 Bg7 6. Nc2 Nf6 7. g3 0-0 8. Bg2 d6 9. 0-0 a6 10. b3 Rb8 11. Bb2 Bd7 12. Nd5 Nxd5 13. Bxg7 Ne3 14. Nxe3 Kxg7 15. Qd2 Kg8 16. Nd5 b5 17. cxb5 axb5 18. Rfc1 e6 19. Nb4 Nxb4 20. Qxb4 d5 21. e4 dxe4 22. Bxe4 Qf6 23. Qc3 e5 24. Qc7 Bh3 25. Rc5 Rfe8 26. b4 Kg7 27. Qc6 1/2-1/2

[Event "Continental op 48th"]
[Site "Sturbridge"]
[Date "2018.08.17"]
[Round "4"]
[White "Tang, Jason1111"]
[Black "Rajesh, CS."]
[Result "1/2-1/2"]
[WhiteElo "1908"]
[BlackElo "2147"]
[PlyCount "116"]
[EventDate "2018.08.16"]
[EventType "swiss"]
[EventRounds "9"]
[EventCountry "USA"]
[SourceTitle "CBM 186 Extra"]
[Source "ChessBase"]
[SourceDate "2018.08.24"]
[SourceVersion "1"]
[SourceVersionDate "2018.08.24"]
[SourceQuality "1"]

1. e4 c5 2. Nf3 e6 3. d4 cxd4 4. Nxd4 Nc6 5. Nc3 Qc7 6. f4 a6 7. Nb3 d6 8. Bd3 b5 9. Qf3 Bb7 10. 0-0 Nf6 11. Be3 Be7 12. Rae1 0-0 13. Kh1 Nb4 14. Qh3 e5 15. a3 Nxd3 16. cxd3 Bc8 17. Qf3 Bg4 18. Qg3 Be6 19. Nd2 Nh5 20. Qf3 Nxf4 21. Bxf4 exf4 22. Qxf4 Bf6 23. Rc1 Qb6 24. Nf3 h6 25. Qd2 b4 26. axb4 Qxb4 27. Nd5 Qxb2 28. Rc2 Qb5 29. Nxf6+ gxf6 30. Nd4 Qg5 31. Qf2 Rac8 32. Rxc8 Rxc8 33. h4 Qe5 34. Nxe6 Qxe6 35. Qxf6 a5 36. Qa1 Qe5 37. Qxe5 dxe5 38. Ra1 Ra8 39. Ra4 h5 40. Kg1 Kg7 41. Kf2 f5 42. exf5 Kf6 43. Ke3 Kxf5 44. g3 Rg8 45. Kf3 Rd8 46. Ke2 Ra8 47. Ke3 Ra7 48. Kf3 Rd7 49. Ke3 Rd5 50. Ke2 Rb5 51. Kf3 Rd5 52. Ke3 Rc5 53. Kf3 Rd5 54. Ke3 Rb5 55. Kf3 Ke6 56. Ke3 Kd5 57. g4 hxg4 58. Rxg4 Rb8 1/2-1/2